In a privileged position (Record no. 72387)

MARC details
000 -LEADER
fixed length control field 00994cam a2200193 4500
001 - CONTROL NUMBER
control field X121803
008 - FIXED-LENGTH DATA ELEMENTS--GENERAL INFORMATION
fixed length control field 030331n2003 000 0 eng u
035 ## - SYSTEM CONTROL NUMBER
System control number (Sirsi) u121803
100 ## - MAIN ENTRY--PERSONAL NAME
Personal name Collier, C.
245 ## - TITLE STATEMENT
Title In a privileged position
260 ## - PUBLICATION, DISTRIBUTION, ETC.
Date of publication, distribution, etc. 2003
490 ## - SERIES STATEMENT
Series statement Construction Law Bulletin
Volume/sequential designation March 2003, 18-20(3)
520 ## - SUMMARY, ETC.
Summary, etc. Looks at legal professional privilege as regards communication. Outlines what is meant by it by dividing it into two types of legal advice privilege and litigation privilege, within the context of the concept of standard disclosure. Isolates 'dominant purpose' test as an illustration of meaning of privilege, but highlights some exceptions, such as in some construction cases where there are so many documents it may be necessary to keep some sensitive documents in a separate file.
650 ## - SUBJECT ADDED ENTRY--TOPICAL TERM
Topical term or geographic name entry element PROFESSIONAL PRIVILEGE
650 ## - SUBJECT ADDED ENTRY--TOPICAL TERM
Topical term or geographic name entry element PRIVILEGE
650 ## - SUBJECT ADDED ENTRY--TOPICAL TERM
Topical term or geographic name entry element LITIGATION
690 ## - LOCAL SUBJECT ADDED ENTRY--TOPICAL TERM (OCLC, RLIN)
Topical term or geographic name as entry element MANAGEMENT-BUSINESS MANAGEMENT-PROFESSIONAL PRACTICE
942 ## - ADDED ENTRY ELEMENTS (KOHA)
Suppress in OPAC 0
Holdings
Withdrawn status Lost status Source of classification or shelving scheme Damaged status Not for loan Home library Current library Shelving location Date acquired Total Checkouts Full call number Barcode Date last seen Copy number Price effective from Koha item type
    Dewey Decimal Classification     London London Journal article 31/03/2003   X121803 121803-1001 06/08/2019 1 06/08/2019 Journal article